[Event "Sitges op 47th"]
[Site "Sitges"]
[Date "2023.07.30"]
[Round "9"]
[White "Tessiore, Luca G"]
[Black "Sole Pijuan, Ferran"]
[Result "1-0"]
[WhiteElo "1874"]
[BlackElo "2157"]
[PlyCount "129"]
[EventDate "2023.07.22"]
[EventType "swiss"]
[EventRounds "9"]
[EventCountry "ESP"]
[SourceTitle "CBM 215 Extra"]
[Source "ChessBase"]
[SourceDate "2023.09.30"]
[SourceVersion "1"]
[SourceVersionDate "2023.09.30"]
[SourceQuality "1"]

1. d4 d5 2. c4 c6 3. Nf3 Nf6 4. e3 Bf5 5. Bd3 Bxd3 6. Qxd3 e6 7. Nc3 Bb4 8. 0-0 0-0 9. a3 Bxc3 10. Qxc3 Ne4 11. Qd3 Nd7 12. Nd2 f5 13. f3 Nd6 14. b3 b5 15. a4 b4 16. cxd5 cxd5 17. Qa6 Nb8 18. Qd3 a5 19. Re1 Qh4 20. Bb2 Ra7 21. Re2 Raf7 22. Rc1 Rf6 23. Rc5 Rh6 24. g3 Qd8 25. e4 dxe4 26. fxe4 f4 27. g4 Qh4 28. Nf3 Qh3 29. Rg2 Rh4 30. Rh5 Rxh5 31. gxh5 Nd7 32. d5 e5 33. Qe2 Nf7 34. Nd2 Rc8 35. Qf3 Qxf3 36. Nxf3 Kf8 37. Kf1 Re8 38. Ng5 Nxg5 39. Rxg5 Kf7 40. Ke1 g6 41. Kd1 Kf6 42. h4 Nc5 43. Rg4 Kf7 44. hxg6+ hxg6 45. Rg5 Nxe4 46. Rxe5 Nc3+ 47. Bxc3 bxc3 48. Rg5 Kf6 49. d6 f3 50. d7 Rf8 51. Ke1 Ke7 52. Rc5 Kxd7 53. Rxc3 f2+ 54. Kf1 Kd6 55. Rg3 Kc5 56. Rg5+ Kd4 57. Rxa5 Kc3 58. Rb5 Rf4 59. a5 Rxh4 60. a6 Rh8 61. Kxf2 Ra8 62. Rb6 Kd4 63. b4 g5 64. b5 Kc5 65. Rb7 1-0

[Event "Barcelona Sant Marti op-A 23rd"]
[Site "Barcelona"]
[Date "2023.07.21"]
[Round "9"]
[White "Sole Pijuan, Ferran"]
[Black "Toro Castaneda, Elizabeth"]
[Result "1-0"]
[WhiteElo "2157"]
[BlackElo "1989"]
[PlyCount "79"]
[EventDate "2023.07.13"]
[EventType "swiss"]
[EventRounds "9"]
[EventCountry "ESP"]
[SourceTitle "CBM 215 Extra"]
[Source "ChessBase"]
[SourceDate "2023.09.30"]
[SourceVersion "1"]
[SourceVersionDate "2023.09.30"]
[SourceQuality "1"]

1. d4 Nf6 2. c4 g6 3. Nc3 Bg7 4. e4 d6 5. Nge2 0-0 6. Ng3 c5 7. d5 e6 8. Be2 exd5 9. cxd5 a6 10. a4 Qa5 11. 0-0 b5 12. Bf4 b4 13. Nb1 Ne8 14. Nd2 Nd7 15. Nc4 Qc7 16. a5 Ne5 17. Nb6 Ra7 18. Qd2 Bd7 19. Be3 Bb5 20. f4 Nd7 21. Nc4 Bxc4 22. Bxc4 Nef6 23. h3 h5 24. Qc2 h4 25. Nh1 Re8 26. e5 dxe5 27. f5 gxf5 28. d6 Qxd6 29. Rad1 Qc6 30. Rxf5 Nf8 31. Qf2 Ng6 32. Rf1 Rd7 33. b3 Qe4 34. Rf3 Red8 35. Bxa6 Nf4 36. Bxf4 exf4 37. Rxf4 Qg6 38. Qxh4 Rd1 39. Nf2 Bh6 40. Rxf6 1-0

[Event "Barcelona Sant Marti op-A 23rd"]
[Site "Barcelona"]
[Date "2023.07.14"]
[Round "2"]
[White "Shyam, Nikil P"]
[Black "Sole Pijuan, Ferran"]
[Result "1-0"]
[WhiteElo "2473"]
[BlackElo "2157"]
[PlyCount "77"]
[EventDate "2023.07.13"]
[EventType "swiss"]
[EventRounds "9"]
[EventCountry "ESP"]
[SourceTitle "CBM 215 Extra"]
[Source "ChessBase"]
[SourceDate "2023.09.30"]
[SourceVersion "1"]
[SourceVersionDate "2023.09.30"]
[SourceQuality "1"]

1. c4 c6 2. g3 d5 3. Bg2 Nf6 4. Nf3 Bf5 5. Qb3 Qb6 6. d3 dxc4 7. Qxc4 e5 8. 0-0 Be6 9. Qc2 Nbd7 10. Nbd2 Be7 11. Ng5 Bg4 12. Nc4 Qc7 13. Ne3 h6 14. Nf3 Be6 15. d4 Rc8 16. Nf5 Bxf5 17. Qxf5 exd4 18. Nxd4 Qe5 19. Qxe5 Nxe5 20. Nf5 g6 21. Nxe7 Kxe7 22. b3 Nd5 23. Ba3+ Ke8 24. Rac1 Nb6 25. Rc3 f6 26. Re3 Kf7 27. f4 Ned7 28. Re7+ Kg8 29. Rd1 Rh7 30. Re6 Rf7 31. e4 Nf8 32. Red6 Re8 33. Rd8 Rxd8 34. Rxd8 Kg7 35. Bh3 Nbd7 36. Re8 c5 37. Bb2 c4 38. bxc4 Nc5 39. e5 1-0

[Event "Barcelona Sants op-A 23rd"]
[Site "Barcelona"]
[Date "2022.08.20"]
[Round "2"]
[White "Garriga Cazorla, Pere"]
[Black "Sole Pijuan, Ferran"]
[Result "1/2-1/2"]
[WhiteElo "2511"]
[BlackElo "2162"]
[PlyCount "115"]
[EventDate "2022.08.19"]
[EventType "swiss"]
[EventRounds "10"]
[EventCountry "ESP"]
[SourceTitle "CBM 209 Extra"]
[Source "ChessBase"]
[SourceDate "2022.09.30"]
[SourceVersion "1"]
[SourceVersionDate "2022.09.30"]
[SourceQuality "1"]

1. d4 d5 2. c4 c6 3. Nf3 Nf6 4. Nc3 a6 5. e3 Bf5 6. Nh4 Bg4 7. Qb3 Ra7 8. h3 Bh5 9. g4 Bg6 10. Nxg6 hxg6 11. Bg2 e6 12. 0-0 Bd6 13. Rd1 Nbd7 14. cxd5 exd5 15. f3 Nh7 16. f4 Nhf6 17. Bd2 0-0 18. Bf3 Nb6 19. Be1 Re8 20. Bf2 Nc4 21. Rd3 b5 22. Qc2 Rae7 23. Nd1 Qb6 24. a4 c5 25. b3 cxd4 26. bxc4 dxe3 27. Rxe3 Rxe3 28. Nxe3 Rxe3 29. axb5 axb5 30. cxd5 Bxf4 31. Ra8+ Kh7 32. Qc8 Ne8 33. Kg2 Qf6 34. Qd8 Qxd8 35. Rxd8 Re7 36. Bc5 Rc7 37. d6 Rxc5 38. d7 Rc2+ 39. Kf1 Rc1+ 40. Kf2 Nf6 41. Rh8+ Kxh8 42. d8Q+ Kh7 43. Qd3 b4 44. Qb3 Bd6 45. Qxf7 Bc5+ 46. Ke2 Rc3 47. Qb7 Re3+ 48. Kd2 b3 49. g5 Nh5 50. Bd5 Nf4 51. Bc4 Rxh3 52. Bxb3 Bd4 53. Bc4 Rh2+ 54. Kd1 Be3 55. Ke1 Bd2+ 56. Kd1 Be3 57. Ke1 Bd2+ 58. Kd1 1/2-1/2

[Event "Barcelona Sant Marti op-A 22nd"]
[Site "Barcelona"]
[Date "2022.07.18"]
[Round "6"]
[White "Sole Pijuan, Ferran"]
[Black "Marzo Pie, Xavier"]
[Result "1-0"]
[WhiteElo "2184"]
[BlackElo "2053"]
[PlyCount "109"]
[EventDate "2022.07.13"]
[EventType "swiss"]
[EventRounds "9"]
[EventCountry "ESP"]
[SourceTitle "CBM 209 Extra"]
[Source "ChessBase"]
[SourceDate "2022.09.30"]
[SourceVersion "1"]
[SourceVersionDate "2022.09.30"]
[SourceQuality "1"]

1. d4 d6 2. c4 e5 3. Nf3 e4 4. Ng5 f5 5. Nc3 Be7 6. Nh3 Nf6 7. Bf4 0-0 8. e3 Kh8 9. Be2 c6 10. Bg3 a6 11. Qb3 b5 12. cxb5 axb5 13. 0-0 d5 14. a4 b4 15. Nb1 Ba6 16. Qc2 Qd7 17. Rc1 Bxe2 18. Qxe2 Na6 19. Nd2 c5 20. dxc5 Nxc5 21. b3 Rfc8 22. Qb5 Qxb5 23. axb5 Nfd7 24. Nf4 Nb6 25. Ne2 Ra3 26. Nd4 Rca8 27. Rab1 g6 28. Be5+ Kg8 29. Nc6 Bf8 30. Bd4 Ncd7 31. h3 Ra2 32. Nf1 Bd6 33. Ng3 Kf7 34. Bxb6 Nxb6 35. Nd4 Rc8 36. Rxc8 Nxc8 37. Rc1 Ne7 38. Nge2 Ra8 39. g3 Ke8 40. h4 Kd7 41. Kg2 Be5 42. h5 Rb8 43. Ra1 Nc8 44. hxg6 hxg6 45. Ra4 Bxd4 46. Nxd4 Kd6 47. Ra6+ Rb6 48. Kh3 Rxa6 49. bxa6 Na7 50. Kh4 Ke7 51. Kg5 Kf7 52. Nc2 Nc6 53. Nxb4 Ne5 54. a7 Kg7 55. a8Q 1-0

[Event "ESP-ch 86th"]
[Site "Linares"]
[Date "2021.08.19"]
[Round "4"]
[White "Lin, Ying Rui"]
[Black "Sole Pijuan, Ferran"]
[Result "0-1"]
[WhiteElo "2332"]
[BlackElo "2186"]
[PlyCount "92"]
[EventDate "2021.08.16"]
[EventType "swiss"]
[EventRounds "9"]
[EventCountry "ESP"]
[SourceTitle "CBM 204 Extra"]
[Source "ChessBase"]
[SourceDate "2021.11.30"]
[SourceVersion "1"]
[SourceVersionDate "2021.11.30"]
[SourceQuality "1"]

1. d4 d5 2. c4 c6 3. Nc3 Nf6 4. e3 a6 5. Nf3 Bf5 6. cxd5 cxd5 7. Qb3 Ra7 8. Ne5 e6 9. Qa4+ Nbd7 10. Be2 h6 11. g4 Bh7 12. h4 Ra8 13. g5 hxg5 14. Nxd7 Nxd7 15. e4 Bxe4 16. Nxe4 dxe4 17. Bxg5 Be7 18. Bd2 Rxh4 19. Rxh4 Bxh4 20. Qc2 Nf6 21. Rc1 Qxd4 22. Qc4 Qxf2+ 23. Kd1 Rd8 24. Kc2 Rxd2+ 25. Kxd2 Bg5+ 26. Kc2 Bxc1 27. Kxc1 Qb6 28. Qc8+ Ke7 29. Kb1 Nd5 30. a3 Nf4 31. Bc4 Nd3 32. Bxd3 exd3 33. Qc3 Qd6 34. Qd2 Qd5 35. Ka1 g5 36. a4 g4 37. Qb4+ Ke8 38. Qxg4 d2 39. Qd1 a5 40. b3 Qe5+ 41. Ka2 Qe1 42. Qg4 d1Q 43. Qg8+ Ke7 44. Qg5+ Kf8 45. Qh6+ Ke8 46. Qh8+ Ke7 0-1

[Event "Catalunya-ch U18/20"]
[Site "Salou"]
[Date "2021.03.30"]
[Round "6"]
[White "Sole Pijuan, Ferran"]
[Black "Alvarez Albiol, Victor"]
[Result "1/2-1/2"]
[WhiteElo "2156"]
[BlackElo "2246"]
[PlyCount "81"]
[EventDate "2021.03.27"]
[EventType "swiss"]
[EventRounds "9"]
[EventCountry "ESP"]
[SourceTitle "CBM 202 Extra"]
[Source "ChessBase"]
[SourceDate "2021.07.31"]
[SourceVersion "1"]
[SourceVersionDate "2021.07.31"]
[SourceQuality "1"]

1. d4 Nf6 2. c4 c5 3. d5 b5 4. Nf3 g6 5. cxb5 a6 6. b6 Qxb6 7. Nc3 d6 8. e4 Bg4 9. Qa4+ Bd7 10. Qc2 Bg7 11. a4 0-0 12. Bc4 e6 13. 0-0 exd5 14. exd5 Bf5 15. Bd3 Bxd3 16. Qxd3 Nbd7 17. h3 Rfe8 18. a5 Qc7 19. Qc4 Nh5 20. Bd2 Ne5 21. Nxe5 Bxe5 22. Na4 Nf6 23. Nb6 Ra7 24. Bc3 Nd7 25. Nxd7 Qxd7 26. Bxe5 Rxe5 27. Rfe1 Qe7 28. Qc3 Rb7 29. Rxe5 Qxe5 30. Qxe5 dxe5 31. Rc1 Rxb2 32. Rxc5 Rd2 33. Rc6 Rxd5 34. Rxa6 Rd1+ 35. Kh2 Ra1 36. Ra8+ Kg7 37. a6 h5 38. h4 Ra2 39. f3 Kf6 40. Ra7 Kg7 41. Ra8 1/2-1/2

[Event "Catalunya-ch U10/20"]
[Site "Salou"]
[Date "2020.09.07"]
[Round "4"]
[White "Sole Pijuan, Ferran"]
[Black "Pera Muntasell, Marc"]
[Result "1-0"]
[WhiteElo "2127"]
[BlackElo "1890"]
[PlyCount "61"]
[EventDate "2020.09.05"]
[EventType "swiss"]
[EventRounds "8"]
[EventCountry "ESP"]
[SourceTitle "EXT 2023"]
[Source "ChessBase"]
[SourceDate "2022.10.05"]
[SourceVersion "1"]
[SourceVersionDate "2022.10.05"]
[SourceQuality "1"]

1. d4 Nf6 2. c4 e6 3. Nc3 Bb4 4. e3 b6 5. Nge2 Ba6 6. a3 Be7 7. Nf4 0-0 8. Bd3 Nc6 9. 0-0 e5 10. Nfe2 e4 11. Nxe4 Nxe4 12. Bxe4 Bxc4 13. Bxh7+ Kxh7 14. Qc2+ g6 15. Qxc4 Kg7 16. e4 Rh8 17. f4 Na5 18. Qc3 f6 19. f5 g5 20. e5 Rh5 21. Ng3 Rh7 22. Bxg5 Kf7 23. Bf4 c5 24. Qf3 cxd4 25. Qd5+ Kf8 26. Ne4 Nc6 27. exf6 Bxf6 28. Qd6+ Be7 29. Qg6 Rf7 30. Bh6+ Ke8 31. Qg8+ 1-0

[Event "Catalunya-ch U10/20"]
[Site "Salou"]
[Date "2020.09.06"]
[Round "2"]
[White "Sole Pijuan, Ferran"]
[Black "Estruch Andreu, Guim"]
[Result "1-0"]
[WhiteElo "2127"]
[BlackElo "1968"]
[PlyCount "66"]
[EventDate "2020.09.05"]
[EventType "swiss"]
[EventRounds "8"]
[EventCountry "ESP"]
[SourceTitle "EXT 2023"]
[Source "ChessBase"]
[SourceDate "2022.10.05"]
[SourceVersion "1"]
[SourceVersionDate "2022.10.05"]
[SourceQuality "1"]

1. d4 Nf6 2. c4 g6 3. Nc3 Bg7 4. e4 d6 5. Be2 0-0 6. Bg5 h6 7. Be3 e5 8. d5 a5 9. h4 Na6 10. Qd2 Nc5 11. f3 Kh7 12. g4 Ng8 13. 0-0-0 Bd7 14. Nh3 Na4 15. Nxa4 Bxa4 16. Rdg1 Bd7 17. Bd3 Qe7 18. Ng5+ Kh8 19. h5 b5 20. cxb5 a4 21. hxg6 fxg6 22. Rg2 Rf4 23. Bxf4 exf4 24. Ne6 Bxe6 25. dxe6 Qxe6 26. a3 g5 27. Kb1 Nf6 28. Rc1 Nd7 29. Bc4 Qe5 30. Qd5 Qxd5 31. Bxd5 Ra7 32. Rc6 Nc5 33. b6 cxb6 1-0

[Event "Catalunya-ch U10/20"]
[Site "Salou"]
[Date "2020.09.05"]
[Round "1"]
[White "Cros Garcia, Marc"]
[Black "Sole Pijuan, Ferran"]
[Result "0-1"]
[WhiteElo "1777"]
[BlackElo "2127"]
[PlyCount "80"]
[EventDate "2020.09.05"]
[EventType "swiss"]
[EventRounds "8"]
[EventCountry "ESP"]
[SourceTitle "EXT 2023"]
[Source "ChessBase"]
[SourceDate "2022.10.05"]
[SourceVersion "1"]
[SourceVersionDate "2022.10.05"]
[SourceQuality "1"]

1. e4 e5 2. Nf3 Nc6 3. Bc4 Nf6 4. d3 Bc5 5. 0-0 d6 6. a4 a6 7. c3 Ba7 8. a5 h6 9. Be3 0-0 10. h3 d5 11. exd5 Nxd5 12. Bxa7 Rxa7 13. Re1 Nf4 14. Kh2 Qf6 15. Ng1 Rd8 16. Qf3 Bf5 17. d4 Bxb1 18. Raxb1 exd4 19. g3 Ng6 20. Qxf6 gxf6 21. cxd4 Rxd4 22. Re8+ Kg7 23. Ba2 Nxa5 24. Nf3 Ra4 25. Bd5 c6 26. Be4 Ne5 27. b4 Nxf3+ 28. Bxf3 Nc4 29. Bh5 b5 30. Rd1 Rxb4 31. Rdd8 f5 32. f4 Rb2+ 33. Kh1 Kf6 34. Rh8 Re7 35. Rd1 Kg7 36. Rc8 a5 37. Rxc6 a4 38. g4 Ree2 39. gxf5 Rh2+ 40. Kg1 Rbg2+ 0-1

[Event "ESP-ch U18"]
[Site "Salobrena"]
[Date "2019.07.26"]
[Round "7"]
[White "Alvarez Alonso, Alberto"]
[Black "Sole Pijuan, Ferran"]
[Result "1-0"]
[WhiteElo "1986"]
[BlackElo "2158"]
[PlyCount "99"]
[EventDate "2019.07.22"]
[EventType "swiss"]
[EventRounds "9"]
[EventCountry "ESP"]
[SourceTitle "CBM 191 Extra"]
[Source "ChessBase"]
[SourceDate "2019.09.30"]
[SourceVersion "1"]
[SourceVersionDate "2019.09.30"]
[SourceQuality "1"]

1. e4 e5 2. Nf3 Nc6 3. Bc4 Nf6 4. d3 Be7 5. Nc3 d6 6. h3 Na5 7. Bb3 Nxb3 8. axb3 0-0 9. 0-0 h6 10. Be3 c5 11. Nh2 d5 12. exd5 Nxd5 13. Bd2 Nxc3 14. Bxc3 Bd6 15. Qf3 Qc7 16. Ng4 Kh8 17. Rfe1 f6 18. Ne3 Be6 19. Nf5 Rf7 20. Ra4 Bf8 21. Qh5 Qd7 22. Nh4 Bd6 23. Bd2 Qe8 24. Ng6+ Kh7 25. Nh4 Rf8 26. Qf3 Qd7 27. Qe2 b5 28. Ra6 Rae8 29. Rea1 Bb8 30. Be3 Rc8 31. Nf3 Bd5 32. Nd2 Bb7 33. R6a2 f5 34. f3 a6 35. Bf2 Rf6 36. Kh1 Rg6 37. Re1 Qc7 38. Bg1 f4 39. Ne4 Qe7 40. Bf2 Bxe4 41. Qxe4 Qg5 42. Rg1 Rcc6 43. c4 b4 44. Ra5 Qe7 45. d4 cxd4 46. Bxd4 Qc7 47. Rxe5 Qd7 48. Re7 Rce6 49. Rxd7 Rxe4 50. fxe4 1-0

[Event "ESP-ch U18"]
[Site "Salobrena"]
[Date "2019.07.22"]
[Round "2"]
[White "Sole Pijuan, Ferran"]
[Black "Sanleon Pravisano, Nieves"]
[Result "1/2-1/2"]
[WhiteElo "2158"]
[BlackElo "1925"]
[PlyCount "121"]
[EventDate "2019.07.22"]
[EventType "swiss"]
[EventRounds "9"]
[EventCountry "ESP"]
[SourceTitle "CBM 191 Extra"]
[Source "ChessBase"]
[SourceDate "2019.09.30"]
[SourceVersion "1"]
[SourceVersionDate "2019.09.30"]
[SourceQuality "1"]

1. d4 d5 2. c4 dxc4 3. e3 Nf6 4. Bxc4 e6 5. Nf3 a6 6. 0-0 b5 7. Bd3 Bb7 8. Qe2 Nbd7 9. e4 c5 10. e5 Nd5 11. Ng5 cxd4 12. Nxe6 Qb6 13. Nxf8 Nxf8 14. a4 Nb4 15. Be4 Rc8 16. axb5 axb5 17. Na3 Bxe4 18. Qxe4 Ne6 19. Bd2 Nc6 20. Rad1 0-0 21. Kh1 Nc5 22. Qf5 Ne7 23. Qg4 b4 24. Nc4 Qe6 25. Qxe6 Nxe6 26. Bxb4 Rxc4 27. Bxe7 Rb8 28. b4 Rb7 29. Bd6 Nf4 30. Rc1 Rxc1 31. Rxc1 g5 32. Rd1 Ne6 33. g3 Kg7 34. Kg2 g4 35. h3 h5 36. hxg4 hxg4 37. Kf1 f6 38. Ke2 Rb5 39. exf6+ Kxf6 40. Kd3 Rd5 41. Bf4 Kf5 42. Bc1 Rd8 43. Bb2 Rb8 44. Kc4 Rc8+ 45. Kb3 Ke4 46. Re1+ Kd5 47. Rxe6 Kxe6 48. Bxd4 Kd5 49. Be3 Rb8 50. Kc3 Rc8+ 51. Kb3 Rb8 52. Bc5 Rb7 53. Kc3 Rf7 54. Kd3 Rb7 55. Ke3 Ke5 56. Bd4+ Kd5 57. Bc5 Rf7 58. Kd3 Rb7 59. Kc3 Rb8 60. Kb3 Rb7 61. Kc3 1/2-1/2